000
00282nam a22001097a 4500
008
150828b xxu||||| |||| 00| 0 eng d
020
_a
015513793
082
_a
361.1 CON
245
_a
CONTEMPORARY SOCIAL PROBLEMS
250
_a
4 ED.
260
_a
NEW YORK
_b
HARCOUT BRACE JOVANOVICH
_c
1976
999
_c
1622
_d
1622